000 00986cab a2200289 4500
001 ABS46818
008 090401t1992 xxu||||| |||| 00| 0 eng d
035 _a(Sirsi) u59568
041 _aeng
100 _aRenshaw, Bill
245 _aPlanning and development education in Europe
260 _c1992
350 _a0
490 _aCS Monthly : Planning and Development bulletin
_v1(10) July 1992, 5(1)
520 _aConsiders the routes to qualification in Europe for planning and development surveyors based on a survey of planning schools in Europe.
650 _aABOUT RICS-RICS MEMBERS
650 _aCAREERS, EDUCATION AND TRAINING
650 _aHARMONISATION
650 _aPLANNING AND DEVELOPMENT
_96259
650 _aPROFESSIONAL QUALIFICATIONS
650 _aSINGLE MARKET
650 _aCAREERS, EDUCATION AND TRAINING
690 _aEUROPE-SINGLE MARKET
690 _aMANAGEMENT-BUSINESS MANAGEMENT-PROFESSIONAL PRACTICE
942 _n0
948 _c04/03/1997
999 _c36559
_d36559